000 01228nam a2200349Ia 4500
001 Z_6715
003 CHAP
005 20230727145951.0
008 220113s2014 xx 000 0 und d
010 _a169987
040 _cCHAP
090 _aTesis M666 2403
100 _aMontejo Arcos, Ezequiel
_9128669
245 _aManual para producción intensiva de venado cola blanca (Odocoileus virginianus yucatanensis) /
_cEzequiel Montejo Arcos
260 _aMéxico :
_bEl autor,
_c2014
300 _a125 p
502 _aTesis (Ingeniero Agrónomo Especialista en Zootecnia) -- UACh, 2014 \ Dirección: Elvia López Pérez; asesoría: Carlos G. Germán Alarcón y Agustín Ruíz Flores
650 _aAprovechamiento
_9145713
650 _aSureste mexicano
_9145714
650 _aUMA
_9145715
650 _aVenado cola blanca
_9144429
650 _aYucatán
_9145716
700 _a Germán Alarcón, Carlos G., asesor
_9138869
700 _a Ruíz Flores, Agustín, asesor
_9142674
700 _aLópez Pérez, Elvia, director
_9144494
856 4 2 _uhttp://10.13.5.2/tesis/sist110906.pdf
_yDescargar PDF
901 _aTESIS M666 2403
902 _aM
910 _a2014
942 _c2
_2ddc
942 _c2
_2ddc
999 _c169987
_d169987